000 00483nam a2200157Ia 4500
005 20250417152142.0
008 231217s9999 xx 000 0 und d
020 _a9788131403075
082 _a658.812 MUK.1;1 R
100 _aMukerjee, Kaushil ed.
245 0 _aCustomer focus the new imperative V.1 : customer services and satisfaction
260 _c2006
_bIcfai
_aHyderabad
300 _ax, 189
650 _aCustomer,focus,imperative,V.1,customer,satisfaction
942 _cAA
999 _c189191
_d189191